<?xml version="1.0" encoding="UTF-8"?>
<record
    xmlns:xsi="http://www.w3.org/2001/XMLSchema-instance"
    xsi:schemaLocation="http://www.loc.gov/MARC21/slim http://www.loc.gov/standards/marcxml/schema/MARC21slim.xsd"
    xmlns="http://www.loc.gov/MARC21/slim">

  <leader>02138nam a22004457a 4500</leader>
  <controlfield tag="003">OSt</controlfield>
  <controlfield tag="005">20260601193906.0</controlfield>
  <controlfield tag="008">260520b2017    mx a|||| |||| 00| 0 spa d</controlfield>
  <datafield tag="020" ind1=" " ind2=" ">
    <subfield code="a">9786079489274</subfield>
  </datafield>
  <datafield tag="040" ind1=" " ind2=" ">
    <subfield code="a">ICI</subfield>
    <subfield code="b">spa</subfield>
    <subfield code="c">ICI</subfield>
    <subfield code="e">rda</subfield>
  </datafield>
  <datafield tag="050" ind1=" " ind2=" ">
    <subfield code="a">NA759.B55</subfield>
    <subfield code="b">A4 2018</subfield>
  </datafield>
  <datafield tag="100" ind1=" " ind2="1">
    <subfield code="a">Bilbao, Tatiana,</subfield>
    <subfield code="b">autor</subfield>
    <subfield code="e">autor</subfield>
    <subfield code="9">34472</subfield>
  </datafield>
  <datafield tag="245" ind1=" " ind2="0">
    <subfield code="a">Perspectivas :</subfield>
    <subfield code="b">Tatiana Bilbao Estudio /</subfield>
    <subfield code="c">textos, Patrick Charpenel, Simon Hartmann, Raymund Ryan, Gonzalo Ortega ; fotograf&#xED;a, Iwan Baan, Moritz Bernoully, Jan Bitter, Nicolas Coeckbergs, Rodolfo D&#xED;az (maqueta), Rory Gardiner, Jonathan Letoublon, Onnis Luque, Jaime Navarro, David Pascual, Sandra Pereznieto, Mauricio Salas, Tatiana Bilbao Estudio</subfield>
  </datafield>
  <datafield tag="250" ind1=" " ind2=" ">
    <subfield code="a">Primera edici&#xF3;n</subfield>
  </datafield>
  <datafield tag="264" ind1=" " ind2=" ">
    <subfield code="a">Ciudad de M&#xE9;xico :</subfield>
    <subfield code="b">Arquine,</subfield>
    <subfield code="c">2017</subfield>
  </datafield>
  <datafield tag="300" ind1=" " ind2=" ">
    <subfield code="a">250 p&#xE1;ginas :</subfield>
    <subfield code="b">ilustraciones (principalmente a color), planos</subfield>
  </datafield>
  <datafield tag="336" ind1=" " ind2=" ">
    <subfield code="2">rdacontent</subfield>
    <subfield code="a">texto</subfield>
  </datafield>
  <datafield tag="337" ind1=" " ind2=" ">
    <subfield code="2">rdamedia</subfield>
    <subfield code="a">sin medio</subfield>
  </datafield>
  <datafield tag="338" ind1=" " ind2=" ">
    <subfield code="2">rdacarrier</subfield>
    <subfield code="a">volumen</subfield>
  </datafield>
  <datafield tag="500" ind1=" " ind2=" ">
    <subfield code="a">Publicada en ocasi&#xF3;n de la exposici&#xF3;n realizada en el Museo Amparo en Puebla, Mexico, del 12 de mayo al 20 de agosot de 2018</subfield>
  </datafield>
  <datafield tag="650" ind1=" " ind2=" ">
    <subfield code="a">Arquitectura</subfield>
    <subfield code="v">Exposiciones</subfield>
    <subfield code="x">Historia</subfield>
    <subfield code="y">Siglo XXI</subfield>
    <subfield code="z">M&#xE9;xico</subfield>
    <subfield code="9">34473</subfield>
  </datafield>
  <datafield tag="650" ind1=" " ind2=" ">
    <subfield code="a">Arquitectura moderna</subfield>
    <subfield code="v">Exposiciones</subfield>
    <subfield code="y">Siglo XXI</subfield>
    <subfield code="9">34474</subfield>
  </datafield>
  <datafield tag="700" ind1=" " ind2="1">
    <subfield code="a">Charpenel, Patrick,</subfield>
    <subfield code="d">1967-</subfield>
    <subfield code="e">autor</subfield>
    <subfield code="9">34475</subfield>
  </datafield>
  <datafield tag="700" ind1=" " ind2="1">
    <subfield code="a">Ryan, Raymund,</subfield>
    <subfield code="e">autor</subfield>
    <subfield code="9">34476</subfield>
  </datafield>
  <datafield tag="700" ind1=" " ind2="1">
    <subfield code="a">Ortega, Gonzalo,</subfield>
    <subfield code="d">1974-</subfield>
    <subfield code="e">autor</subfield>
    <subfield code="9">34477</subfield>
  </datafield>
  <datafield tag="700" ind1=" " ind2="1">
    <subfield code="a">Baan, Iwan,</subfield>
    <subfield code="d">1975- ,</subfield>
    <subfield code="e">fot&#xF3;grafo,</subfield>
    <subfield code="e">ilustrador</subfield>
    <subfield code="9">34478</subfield>
  </datafield>
  <datafield tag="700" ind1=" " ind2="1">
    <subfield code="a">Bernoully, Moritz,</subfield>
    <subfield code="e">fotogr&#xE1;fo</subfield>
    <subfield code="9">34479</subfield>
  </datafield>
  <datafield tag="700" ind1=" " ind2="1">
    <subfield code="a">Bitter, Jan,</subfield>
    <subfield code="e">fotogr&#xE1;fo</subfield>
    <subfield code="9">34480</subfield>
  </datafield>
  <datafield tag="700" ind1=" " ind2="1">
    <subfield code="a">Coeckbergs, Nicolas,</subfield>
    <subfield code="e">fotogr&#xE1;fo</subfield>
    <subfield code="9">34481</subfield>
  </datafield>
  <datafield tag="700" ind1=" " ind2="1">
    <subfield code="a">D&#xED;az, Rodolfo, </subfield>
    <subfield code="e">fot&#xF3;grafo</subfield>
    <subfield code="9">34482</subfield>
  </datafield>
  <datafield tag="700" ind1=" " ind2="1">
    <subfield code="a">Gardiner, Rory,</subfield>
    <subfield code="e">fot&#xF3;grafo</subfield>
    <subfield code="9">34483</subfield>
  </datafield>
  <datafield tag="700" ind1=" " ind2="1">
    <subfield code="a">Letoublon, Jonathan,</subfield>
    <subfield code="e">fotogr&#xE1;fo</subfield>
    <subfield code="9">34484</subfield>
  </datafield>
  <datafield tag="700" ind1=" " ind2="1">
    <subfield code="a">Luque, Onnis,</subfield>
    <subfield code="e">fot&#xF3;grafo</subfield>
    <subfield code="9">34485</subfield>
  </datafield>
  <datafield tag="700" ind1=" " ind2="1">
    <subfield code="a">Navarre, Jaime,</subfield>
    <subfield code="e">fot&#xF3;grafo</subfield>
    <subfield code="9">34486</subfield>
  </datafield>
  <datafield tag="700" ind1=" " ind2="1">
    <subfield code="a">Pascual, David, </subfield>
    <subfield code="e">fotogr&#xE1;fo</subfield>
    <subfield code="9">34487</subfield>
  </datafield>
  <datafield tag="700" ind1=" " ind2="1">
    <subfield code="a">Pereznieto, Sandra, </subfield>
    <subfield code="e">fotogr&#xE1;fo</subfield>
    <subfield code="9">34488</subfield>
  </datafield>
  <datafield tag="700" ind1=" " ind2="1">
    <subfield code="a">Salas, Mauricio,</subfield>
    <subfield code="e">fotogr&#xE1;fo</subfield>
    <subfield code="9">34489</subfield>
  </datafield>
  <datafield tag="710" ind1=" " ind2="2">
    <subfield code="a">Museo Amparo (Puebla, Mexico),</subfield>
    <subfield code="e">entidad patrocinadora</subfield>
    <subfield code="9">74</subfield>
  </datafield>
  <datafield tag="942" ind1=" " ind2=" ">
    <subfield code="2">lcc</subfield>
    <subfield code="c">B</subfield>
    <subfield code="n">1</subfield>
  </datafield>
  <datafield tag="999" ind1=" " ind2=" ">
    <subfield code="c">22401</subfield>
    <subfield code="d">22401</subfield>
  </datafield>
  <datafield tag="952" ind1=" " ind2=" ">
    <subfield code="0">0</subfield>
    <subfield code="1">0</subfield>
    <subfield code="2">lcc</subfield>
    <subfield code="4">0</subfield>
    <subfield code="7">0</subfield>
    <subfield code="a">BDIMFM</subfield>
    <subfield code="b">BDIMFM</subfield>
    <subfield code="d">2026-05-20</subfield>
    <subfield code="l">0</subfield>
    <subfield code="o">NA759.B55 A4 2018</subfield>
    <subfield code="p">BDIMFM001219</subfield>
    <subfield code="r">2026-05-20 19:01:00</subfield>
    <subfield code="t">Ej. 1</subfield>
    <subfield code="w">2026-05-20</subfield>
    <subfield code="y">B</subfield>
  </datafield>
</record>
